LEADER 01020nam a2200253 i 4500 001 000000249909 003 CaOOAMICUS 005 20160705000000.0 008 160705s1963 it u000 u ita u 013 $a228814 040 $aSeMil$bita 100 1 $aAlpatov, Michele.$0(OLS)http://semarc/name/61068 245 13$aIl Maestro del Cremlino /$cMichele Alpatov. 260 $aMilano :$bClub del Libro,$c1963. 300 $a325 p., 100 p. di tav., XXIV c. di tav. :$bill. ;$c24 cm. 490 0 $aCollana d'arte del Club del Libro ;$v6. 500 $aIn custodia. 650 4$aMaestro del Cremlino.$0(OLS)http://semarc/subject/42914 830 0$aCollana d'arte del Club del Libro ;$v6.$0(OLS)http://semarc/title/19950 850 $aSeMil 852 $aSeMil$W1$xVenegono$y1$m5I VI 157$j200255$B200255$CSeMilBibl$Z2$F213346 $81 961 $aOmaggio: Sagramoso Guido 996 $6245$aIl Maestro del Cremlino$9(OLS)http://semarc/title/352097 996 $6260$aMilano :$bClub del Libro$9(OLS)http://semarc/publisher/34066 LEADER 00982nam a2200253 i 4500 001 000000075283 003 CaOOAMICUS 005 20040618000000.0 008 040618s1999 fr u000 u fre u 013 $a46455 020 $a9061534305 040 $aSeMil$bita 100 1 $aPrache, Anne.$0(OLS)http://semarc/name/18605 245 10$aCathédrales d'Europe /$cAnne Prache. 260 $aS.l :$bAnne Prache et Fonds Mercator,$ccopyr. 1999. 300 $a278 p. :$briccamente ill. ;$c30 cm. 500 $aContiene : Bibliographie. - In custodia. 650 4$aEuropa - Cattedrali.$0(OLS)http://semarc/subject/15361 850 $aSeMil 852 $aSeMil$W1$xVenegono$y1$m5N XI 47$j41435$B41435$CSeMilBibl$Z2$F41439 $8I 961 $aOmaggio: Donazione 996 $6020$a9061534305$9(OLS)http://semarc/number/55730 996 $6245$aCathédrales d'Europe$9(OLS)http://semarc/title/122108 996 $6260$aS.l :$bAnne Prache et Fonds Mercator$9(OLS)http://semarc/publisher/43232